| 000 | 00432nam a22001217a 4500 | ||
|---|---|---|---|
| 999 |
_c9330 _d9330 |
||
| 003 | OSt | ||
| 008 | 201203b ||||| |||| 00| 0 eng d | ||
| 245 | _aJournal of Civil Engineering and Construction Review | ||
| 250 | _a2018(Jul Vol.31 No.7, Aug Vol.31 No.8, Sep Vol.31 No.9, Oct Vol.31 No.10, Nov Vol.31 No.11, Dec Vol.31 No.12) | ||
| 260 |
_aNew Delhi _bTrend Set Engineers Pvt. Ltd. |
||
| 650 | _aCivil Engineering | ||
| 942 |
_2ddc _cBV |
||